| 000 | 00363nam a22001337a 4500 | ||
|---|---|---|---|
| 999 |
_c13752 _d13752 |
||
| 020 | _a9781492045526 | ||
| 082 | _a006.31 | ||
| 100 | _aJeremy Howard & Sylvain Gugger | ||
| 245 |
_aDeep Learning for Coders with Fastai and PyTorch: _bAI Applications Without a PhD |
||
| 250 | _a1st ed. | ||
| 260 |
_aUSA _bO'Reilly Media _c2020 |
||
| 300 | _a621 pages | ||
| 942 | _cBK | ||